| 000 | 00469cam a2200181 4500 | ||
|---|---|---|---|
| 008 | 040721n2004 000 0 eng u | ||
| 035 | _a(Sirsi) u126866 | ||
| 245 | _aRightmove house price index | ||
| 260 | _c2004 | ||
| 490 |
_aRightmove Press Release _v19 July 2004 (12) |
||
| 590 | _aWB | ||
| 650 | _aRIGHTMOVE HOUSE PRICE INDEX | ||
| 650 | _aHOUSE PRICE INDEX | ||
| 650 | _aHOUSE PRICES | ||
| 650 | _aHOUSE PRICE INFLATION | ||
| 690 | _aHOUSIN | ||
| 942 | _n0 | ||
| 999 |
_c74475 _d74475 |
||